[Event "BRA Region North-ch"]
[Site "Manaus"]
[Date "2010.10.??"]
[Round "4"]
[White "Da Rocha, Alynne Ribeiro"]
[Black "Da Silva Araujo, Wilson Felicio"]
[Result "1-0"]
[WhiteElo "1879"]
[BlackElo "1753"]
[PlyCount "69"]
[EventDate "2010.10.09"]
[EventType "swiss"]
[EventRounds "7"]
[EventCountry "BRA"]
[SourceTitle "EXT 2022"]
[Source "ChessBase"]
[SourceDate "2021.10.06"]
[SourceVersion "1"]
[SourceVersionDate "2021.10.06"]
[SourceQuality "1"]

1. c4 d5 2. e3 e6 3. d4 Bb4+ 4. Nc3 Nf6 5. Bd2 0-0 6. a3 Be7 7. Bd3 Nc6 8. Nf3 Qd6 9. c5 Qd7 10. Qc2 a6 11. Ng5 Ne4 12. Ngxe4 g6 13. Ng3 Bf6 14. 0-0 e5 15. dxe5 Bxe5 16. f4 Bf6 17. Kh1 d4 18. Nce4 Be7 19. f5 gxf5 20. Nxf5 Qe6 21. Bc4 Qg6 22. Nxe7+ Nxe7 23. Nf6+ Kg7 24. Qxg6+ fxg6 25. Ne4 Bf5 26. Ng5 h6 27. Ne6+ Bxe6 28. Bxe6 Nf5 29. e4 Rf6 30. exf5 gxf5 31. Bxf5 Raf8 32. Bd3 Rc6 33. Rxf8 Kxf8 34. Rf1+ Kg7 35. b4 1-0